000 00639cam a2200217 4500
001 4615827
005 20180103083750.0
008 721107s1972 ilua b 001 0 eng
010 _a 77187652
020 _a039802278X
040 _aDLC
_cDLC
_dDLC
041 _aeng
080 _a618.9
082 0 0 _a618.9 FIO
100 1 _a48
101 _aPSI
245 1 0 _aNormal and abnormal development;
_cby Mary R. Fiorentino. With a foreword by Myron E. Shafer.
504 _aBibliography: p. 61-62.
906 _a7
_bcbc
_corignew
_d2
_encip
_f19
_gy-gencatlg
942 _2ddc
_cBK
999 _c39654
_d39654